000 00655nam a2200181Ia 4500
008 100921s9999 xx 000 0 und d
082 _b32551
_a891.468 थ 99
100 _aकुसुमाग्रज (शिरवाडकर वि.वा.).
245 _aसमिधा.
260 _bकाँन्टीनेंटल बुक सर्व्हीस,पुणे.
_c1999
300 _a80
_bजयेश एजन्सी,पुणे.
365 _b40
520 _aललित-संकीर्ण.
630 _aसमिधा.
650 _aललित-संकीर्ण.
730 _aसमिधा.
942 _cBOOK
999 _c781664
_d781661